-
GAUD, DR. R.S AND GUPTA, DR. G. D.
Entry Personal Name
Number of records used in: 1
001 - CONTROL NUMBER
003 - CONTROL NUMBER IDENTIFIER
005 - DATE AND TIME OF LATEST TRANSACTION
- control field:
20190603113323.0
008 - FIXED-LENGTH DATA ELEMENTS
- fixed length control field:
190603|| aca||aabn | a|a d
040 ## - CATALOGING SOURCE
- Original cataloging agency:
OSt
- Transcribing agency:
OSt
100 ## - HEADING--PERSONAL NAME
- Personal name:
GAUD, DR. R.S AND GUPTA, DR. G. D.
670 ## - SOURCE DATA FOUND
- Source citation:
Work cat.: (OSt): GAUD, DR. R.S AND GUPTA, DR. G. D. , PRACTICAL MICROBIOLOGY